000 00409nam a2200157Ia 4500
008 240729s9999 xx 000 0 und d
022 _a2034-4643
245 0 _aAuthorship
260 _aBelgium
260 _bGhent University
650 _a Literature (General)
650 _aLanguage and Literature
856 _uhttps://doaj.org/toc/d81ec8a4c00e43cc8afa5bd34b3cde6c
942 _2ddc
942 _cDOAJEJ
999 _c72025
_d72025
945 _a1
_bMadushi Gamage
_c1
_dMadushi Gamage